000 01298nam0a22003131 4500
001 v19\rc\1847949
005 20260406095523.0
035 _a(NLR Aleph) 004943984
090 _a5811254
_c5811254
100 _a20080221d1909 |||y0rusy50 ca
101 1 _arus
_cger
102 _aRU
105 _aa z |||||
200 1 _aМакс и Мориц
_eДва шалуна
_eС 98 рис.
_fТекст В. Буша
_gПер. К. Льдова
205 _a3-е изд.
210 _aСанкт-Петербург
_aМосква
_cт-во М.О. Вольф
_d[1909]
_gтип. т-ва М.О. Вольф в Спб.
215 _a[2], 60 с.
_cил.
_d19
300 _aЗагл. оригинала: Max und Moritz
300 _aПер. также под загл.: Два проказника
451 0 _12001#$aДва проказника
_tДва проказника
454 0 _12001#$aMax und Moritz
_tMax und Moritz
700 1 _7ca
_8rus
_aБуш
_bВ.
_f1832-1908
_gВильгельм
_3RU\NLR\AUTH\7735618
_918615
702 1 _4730
_8rus
_7ca
_aЛьдов
_bК. Н.
_f1862-1937
_gКонстантин Николаевич
_3RU\NLR\AUTH\7772530
_955458
801 0 _aRU
_bNLR
_gpsbo
801 0 _aRU
_bRuMoRGB
_2psbo
801 1 _aRU
_bProSoft-M
_2rusmarc
852 _aNLR
_j34.87.1.447
942 _cBOOK
980 _aNB